000 00496nam a2200169Ia 4500
008 220216s9999 xx 000 0 und d
100 _aHamann C P
245 0 _aReview of natural rubber latex protein allergy
260 _bProceedings of the Conference on International Rubber Technology, Kuala Lumpur, 1993
_c1993
300 _a26-Jan
500 _aSource Year: 1995
650 _aLatex protein
650 _aNatural rubber
650 _aProtein allergy
856 _uIRRDB
942 _cJS
999 _c66954
_d66954